000 01501nam a22004097a 4500
003 CHAP
005 20220817044235.0
008 081203s2004 mx a r 00010 spa d
010 _a95453
011 _a96425
020 _a9703215262
035 _a107078
040 _cCHAP
082 0 4 _a574.972
_bB52
245 0 0 _aBiodiversidad de la sierra madre oriental
_c/editores Isolda Luna, Juan J. Morrone y David Espinosa
260 _aMéxico :
_bUNAM. Facultad de Ciencias,
_c2004
300 _a527 p. :
_bilus., gráfs., cuadros, mapas
490 4 _aLas prensas de ciencias
590 _aBATCH-UPD
_b10
_c20130110
_lUCH01
_h0623
590 _aBATCH-UPD
_b10
_c20130410
_lUCH01
_h0305
590 _aBATCH-UPD
_b10
_c20130914
_lUCH01
_h0629
590 _aCONVERSION
_b10
_c20130109
_lUCH01
_h1353
650 1 4 _aBiodiversidad.
_912724
650 1 4 _aBiología.
_912773
650 1 4 _aEcología.
_935134
650 1 4 _aEcosistema.
_935290
650 1 4 _aRecursos naturales
_xConservación.
700 1 _aEspinosa, David
_e, ed.
_938018
700 1 _aLuna, Isolda
_e, ed.
_969132
700 1 _aMorrone, Juan J.
_e, ed.
_978926
830 4 _aLas prensas de ciencias
_965007
901 _aBK
942 _cLIBRO
949 _a574.972 B52
_bBC
_cLIBRO
_d33724002076941
_eLIBRO
_fc.2
_gI.c/e
_h109951
_i107078
_si
_t$100.00
949 _a574.972 B52
_bBC
_cLIBRO
_d33724002077074
_eLIBRO
_gI.c/e
_h109950
_i107078
_so
_t$100.00
949 _a574.972 B52
_bBC
_cLIBRO
_d33724002077470
_eLIBRO
_fc.3
_gI.c/e
_h109952
_i107078
_si
_t$100.00
999 _c95453
_d95453